States of Australia - Statistics

General Stats
  • This quiz has been taken 10 times
  • The average score is 5 of 6
Answer Stats
Hint Answer % Correct
1. New South Wales
90%
3. Queensland
90%
6. Tasmania
80%
2. Victoria
80%
4. Western Australia
80%
5. South Australia
70%
No matching quizzes found
Score Distribution
Percent of People with Each Score
Percentile by Number Answered
Your Score History
You have not taken this quiz